Haikyuu!! — Openings and Endings - Statistics

General Stats
  • This quiz has been taken 86 times
  • The average score is 5 of 14
Answer Stats
Band Season Song % Correct
BURNOUT SYNDROMES 2 FLY HIGH!!
97%
SPYAIR 1 Imagination
71%
BURNOUT SYNDROMES 4 PHOENIX
62%
BURNOUT SYNDROMES 3 Hikariare
54%
Sukima Switch 1 Ah Yeah!!
49%
SPYAIR 2 I'm a Believer
39%
SPYAIR 4 One Day
30%
tacica 1 Leo
26%
SUPER BEAVER 4 Toppako
20%
Niko Touches The Walls 3 Mashi Mashi
17%
Nico Touches The Walls 1 tenchigaeshi
13%
Galileo Galilei 2 Climber
12%
CHiCO with HoneyWorks 4 Kessen Spirit
12%
tacica 2 Hatsunetsu
9%
No matching quizzes found
Score Distribution
Percent of People with Each Score
Percentile by Number Answered
Your Score History
You have not taken this quiz